000 00572nam a2200169 i 4500
001 37130
003 ES-MaACL
007 t|
008 030220s1961 sp ||||1| spa d
100 1 _aBurbano de Ercilla, Santiago.
_932575
245 1 0 _aFísica general /
_cSantiago Burbano de Ercilla ; problemas resueltos por Gabriel Díaz de Villegas Blasco.
250 _a3ª ed.
260 _aZaragoza :
_b[s.n.,
_c1961] (
_fLibrería General)
300 _a336 p. :
_bil. ;
_c21 cm.
700 1 _aDíaz de Villegas Blasco, Gabriel.
_944254
852 _aES-MaACL
_jE-2407
_bR.47701
999 _c37130
_d37130